Elements of probability and statistics
This book introduce about probability theorems, some miscellaneous problems, introduction to statistics. Frequency distributions and probability functions. The binomial probability...
Guardado en:
| Autor principal: | |
|---|---|
| Formato: | Libro |
| Lenguaje: | Undetermined |
| Publicado: |
Englewood Cliffs, N.J.
Prentice-Hall
1966
|
| Materias: | |
| Etiquetas: |
Agregar Etiqueta
Sin Etiquetas, Sea el primero en etiquetar este registro!
|
| Thư viện lưu trữ: | Trung tâm Học liệu Trường Đại học Cần Thơ |
|---|
| LEADER | 00717nam a2200193Ia 4500 | ||
|---|---|---|---|
| 001 | CTU_232598 | ||
| 008 | 210402s9999 xx 000 0 und d | ||
| 082 | |a 519 | ||
| 082 | |b M689 | ||
| 100 | |a Mode, Elmer B. | ||
| 245 | 0 | |a Elements of probability and statistics | |
| 245 | 0 | |c Elmer B. Mode | |
| 260 | |a Englewood Cliffs, N.J. | ||
| 260 | |b Prentice-Hall | ||
| 260 | |c 1966 | ||
| 520 | |a This book introduce about probability theorems, some miscellaneous problems, introduction to statistics. Frequency distributions and probability functions. The binomial probability... | ||
| 650 | |a Toán thống kê,Mathematical statistics | ||
| 910 | |b dqhieu | ||
| 980 | |a Trung tâm Học liệu Trường Đại học Cần Thơ | ||